000 00412nam a2200181Ia 4500
001 3037
005 20260306144851.0
008 260306t2007||||xx |||||||||||||| ||spa||
041 _aESP
082 _a245
_bP54
100 _aPieper, Josef
_eAUT
245 0 _aLas virtudes fundamentales
260 _c2007
300 _a572 páginas :
_c21 cm.
650 _aGEN
654 _aCHU
942 _cLIB
_dJUS
_fJUS
_2ddc
_n
999 _c3037
_d3037